000 00507nam a2200181Ia 4500
001 9223
005 20260306160707.0
008 260306t2007||||xx |||||||||||||| ||spa||
041 _aESP
082 _a378
_bA13
100 _aPrados, John W.
_eAUT
245 2 _aA proud legacy of quality assurance in the preparation of technical professionals:
_babet 75th anniversary retrospective
260 _c2007
300 _a345 páginas :
_c28 cm.
650 _aGEN
654 _aCED
942 _cLIB
_dJUS
_fJUS
_2ddc
_n
999 _c9223
_d9223